| 000 | 00717nam a22001815i 4500 | ||
|---|---|---|---|
| 001 | 160008 | ||
| 003 | ES-MaACL | ||
| 005 | 20230906211918.0 | ||
| 008 | 990518s1852 fr |||| | fre d | ||
| 040 |
_aCCPB | B _bspa _cCCPB | B |
||
| 100 | 1 |
_aMontalembert, Charles Forbes _ccomte de ( _d1810-1870) _9130077 |
|
| 245 | 1 | 0 | _aDiscours prononcé par M. le cte. de Montalembert à l'Académie française en venant prendre séance à la place de M. Droz le 5 février 1852. |
| 260 |
_aParis : _bSagnier et Bray, _c1852. |
||
| 300 |
_a57 p. ; _c22 cm. |
||
| 597 | _aAntep. | ||
| 600 | 0 | 4 |
_aDroz, Joseph. _945674 |
| 852 |
_aES-MaACL _jT-358-F-4 _z-- Enc. hol. _q-- Falto de la cub. original _z-- Enc. en un vol. facticio |
||
| 999 |
_c160008 _d160008 |
||